Women in History by Picture - Statistics

General Stats
  • This quiz has been taken 508 times
  • The average score is 8 of 15
Answer Stats
Picture Answer % Correct
Marilyn Monroe
91%
Queen Victoria
89%
Serena Williams
86%
Jacqueline Kennedy
79%
Amelia Earhart
75%
Indira Gandhi
69%
Janet Jackson
63%
Harriet Tubman
57%
Betty White
54%
Eleanor Roosevelt
46%
Judy Garland
44%
Donatella Versace
42%
Sally Ride
28%
Sojourner Truth
16%
Dolley Madison
5%
No matching quizzes found
Score Distribution
Percent of People with Each Score
Percentile by Number Answered
Your Score History
You have not taken this quiz